• 首页
  • 本馆介绍
  • 公告通知
  • 最新文献
  • 馆藏检索
  • 电子资源
  • 读者导购
  • 参考咨询
  • 我的图书馆
  • 登录
  • 详细信息显示
  • 放入我的书架
  • 预约/预借图书
  • 作者相关作品
  • 分类相关作品
  • 丛书相关作品
  • 出版社相关作品

书目信息

  • 表格格式
  • 工作单格式
  • 卡片格式
题名:
鸦片战争的正面与侧面
    
 
作者: 马谧挺 著
分册:  
出版信息: 北京   团结出版社  2011.11
页数: 237页
开本: 23cm
丛书名:
单 册:
中图分类: K253.06
科图分类:
主题词: 鸦片战争(1840-1842)--史料 , 鸦片战争(1840-1842)
电子资源:
ISBN: 978-7-5126-0646-3
000 00913nam0 2200241 45
001 1360524577
005 20130603091548.81
010    @a978-7-5126-0646-3@dCNY29.80
100    @a20130513d2011 em y0chiy50 ea
101 0  @achi
102    @aCN@b110000
105    @aac z 000yy
106    @ar
200 1  @a鸦片战争的正面与侧面@AYa Pian Zhan Zheng De Zheng Mian Yu Ce Mian@e微历史@EWei Li Shi@f马谧挺著@FMa Mi Ting Zhu
210    @a北京@c团结出版社@d2011.11
215    @a237页@c图,画像@d23cm
330    @a本书描述了18世纪末到第一次鸦片战争结束大清王朝这段波澜壮阔的历史,突出描述了第一次鸦片战争发生的来龙去脉和各路人马的血腥博弈,并从正面和侧面反映同一时期世界各个角落的历史、人文科技、市井风情。
606 0  @a鸦片战争(1840-1842)@x史料
606 0  @a鸦片战争(1840-1842)
690    @aK253.06@v5
701  0 @a马谧挺@AMa Mi Ting@4著
801    @aCN@bTANGWEI@c20130522
905    @b0834660-65@dK253.06@e11@f6
    
    鸦片战争的正面与侧面:微历史/马谧挺著.-北京:团结出版社,2011.11
    237页:图,画像;23cm
    
    
    ISBN 978-7-5126-0646-3:CNY29.80
    本书描述了18世纪末到第一次鸦片战争结束大清王朝这段波澜壮阔的历史,突出描述了第一次鸦片战争发生的来龙去脉和各路人马的血腥博弈,并从正面和侧面反映同一时期世界各个角落的历史、人文科技、市井风情。
●
相关链接 在E读中查询图书 在五车中查询图书 在当当中查询图书 在豆瓣中查询图书


正题名:鸦片战争的正面与侧面     索取号:K253.06/11         预约/预借

序号 登录号 条形码 馆藏地/架位号 状态 备注
1 0834660   208346609   第二样本阅览室/ [索取号:K253.06/11] 在馆    
2 0834661   208346618   第二借阅区/ [索取号:K253.06/11] 在馆    
3 0834662   208346627   第二借阅区/ [索取号:K253.06/11] 在馆    
4 0834663   208346636   第二借阅区/ [索取号:K253.06/11] 在馆    
5 0834664   208346645   史法系资料室/ [索取号:K253.06/11] 在馆    
6 0834665   208346654   史法系资料室/ [索取号:K253.06/11] 在馆    
唐山师范学院图书馆 欢迎您!
大连网信软件有限公司© 版权所有